|
|
|
|
| LEADER |
00786nab a2200181 i 4500 |
| 001 |
acta53667 |
| 005 |
20260224081030.0 |
| 008 |
180320s1944 hu o 000 hun d |
| 040 |
|
|
|a SZTE Egyetemi Kiadványok Repozitórium
|b hun
|
| 041 |
|
|
|a hun
|
| 100 |
1 |
|
|a Visy József
|
| 245 |
1 |
0 |
|a Márai Sándor
|h [elektronikus dokumentum] :
|b Sirály /
|c Visy József
|
| 260 |
|
|
|c 1944
|
| 300 |
|
|
|a 87-88
|
| 490 |
0 |
|
|a Nevelésügyi szemle
|v 8 No. 3-4
|
| 695 |
|
|
|a Magyar irodalom - regény - könyvismertetés, Magyar irodalom tanítása - módszer - könyvismertetés, Nevelésügy - Magyarország - 20. sz., Oktatásügy - Magyarország, Pedagógia - Magyarország - 20. sz.
|
| 700 |
0 |
1 |
|a Márai Sándor
|
| 856 |
4 |
0 |
|u http://acta.bibl.u-szeged.hu/53667/1/nev_szem_008_003_004_087-088.pdf
|z Dokumentum-elérés
|